000 00182 a2200097 4500
020 _a9780718034122
041 _aspa
100 _aMax Lucado
245 _aDias de Gloria
942 _cBK
999 _c15745
_d15745